000 00283nam a22001337a 4500
008 180226b xxu||||| |||| 00| 0 eng d
020 _a9781879991156
041 _aeng
080 _a372.3
100 _a25
101 _aEDU
245 _aTALESAS TOOLS
_cJAMES.D
942 _2udc
_cBK
999 _c43513
_d43513